[Event "CZE-chT U18 Extraliga final-B 1516"]
[Site "Czech Republic"]
[Date "2016.04.24"]
[Round "11.3"]
[White "Kadlec, Daniel"]
[Black "Jirousek, Jan"]
[Result "0-1"]
[WhiteElo "1731"]
[BlackElo "1408"]
[PlyCount "94"]
[EventDate "2015.10.03"]
[EventType "team-tourn"]
[EventRounds "11"]
[EventCountry "CZE"]
[SourceTitle "EXT 2022"]
[Source "ChessBase"]
[SourceDate "2021.10.06"]
[SourceVersion "1"]
[SourceVersionDate "2021.10.06"]
[SourceQuality "1"]
[WhiteTeam "Most Chess U18"]
[BlackTeam "Polabiny U18 II"]
[WhiteTeamCountry "CZE"]
[BlackTeamCountry "CZE"]

1. e4 c6 2. d4 d5 3. e5 Bf5 4. Bd3 Bxd3 5. Qxd3 e6 6. Nc3 Qb6 7. Nd1 c5 8. c3 Nc6 9. Ne2 cxd4 10. cxd4 Bb4+ 11. Kf1 Bf8 12. Ne3 Nge7 13. g3 Ng6 14. f4 Be7 15. Kg2 0-0 16. f5 Nh8 17. Rf1 Rfc8 18. f6 Bf8 19. Ng4 Nb4 20. Qf3 Nc2 21. fxg7 Bxg7 22. Bh6 Bxh6 23. Nxh6+ Kf8 24. Qf6 Ke8 25. Qxh8+ Kd7 26. Rxf7+ Kc6 27. Qf6 Nxa1 28. Qxe6+ Kb5 29. Qxd5+ Ka6 30. Nc3 Qxb2+ 31. Kh3 Rc6 32. Nf5 Qxc3 33. Nd6 Qb4 34. Rxb7 Rxd6 35. Rxa7+ Kxa7 36. exd6 Qb7 37. Qa5+ Kb8 38. Qe5 Qd7+ 39. Kh4 Rxa2 40. h3 Qd8+ 41. Kg4 Ra5 42. d5 Qg8+ 43. Kf4 Ra4+ 44. Kf3 Qf7+ 45. Ke3 Nc2+ 46. Kd3 Qf3+ 47. Kxc2 Ra2+ 0-1

[Event "CZE-chT U20 Extraliga final-A 1415"]
[Site "Czech Republic"]
[Date "2015.04.24"]
[Round "8.4"]
[White "Reznicek, Dominik"]
[Black "Kadlec, Daniel"]
[Result "1-0"]
[WhiteElo "1955"]
[BlackElo "1807"]
[PlyCount "109"]
[EventDate "2014.10.11"]
[EventType "team-tourn"]
[EventRounds "11"]
[EventCountry "CZE"]
[SourceTitle "EXT 2021"]
[Source "ChessBase"]
[SourceDate "2020.10.23"]
[SourceVersion "1"]
[SourceVersionDate "2020.10.23"]
[SourceQuality "1"]
[WhiteTeam "Polabiny (U20)"]
[BlackTeam "Most Chess (U20)"]
[WhiteTeamCountry "CZE"]
[BlackTeamCountry "CZE"]

1. e4 c5 2. c3 d6 3. d4 Nf6 4. dxc5 Nxe4 5. Qa4+ Nc6 6. Qxe4 dxc5 7. Nf3 a6 8. Be3 e6 9. Na3 f5 10. Qc2 Be7 11. Nc4 b5 12. Nce5 Bb7 13. Rd1 Qc8 14. Nd7 Qc7 15. Nxc5 Bc8 16. Nb3 0-0 17. Be2 Bb7 18. Nbd4 Nd8 19. 0-0 f4 20. Bc1 e5 21. Qb3+ Kh8 22. Ne6 Nxe6 23. Qxe6 Bf6 24. Rd7 Qc8 25. Rfd1 Re8 26. Qb6 Be4 27. R1d6 Bd8 28. Rxd8 Rxd8 29. Rxd8+ Qxd8 30. Qxd8+ Rxd8 31. Nxe5 Rf8 32. f3 Bb1 33. a3 g5 34. Kf2 Kg7 35. g3 fxg3+ 36. hxg3 Rf5 37. Nc6 Rf6 38. Nd4 Kg6 39. Be3 h5 40. Nb3 Bf5 41. Nd4 Bb1 42. Ke1 h4 43. gxh4 gxh4 44. Kf2 Rf8 45. Kg2 Rh8 46. Kh3 Ba2 47. Bd3+ Kh5 48. f4 Bd5 49. f5 Bc4 50. Be4 Bf1+ 51. Kh2 h3 52. Bf3+ Kh4 53. f6 Bd3 54. Ne6 Bf5 55. Bg5# 1-0

[Event "Kadan op"]
[Site "Kadan"]
[Date "2014.??.??"]
[Round "7"]
[White "Kadlec, Daniel"]
[Black "Lausmann, Kurt"]
[Result "1-0"]
[WhiteElo "1729"]
[BlackElo "1808"]
[PlyCount "53"]
[EventDate "2014.08.??"]
[EventType "swiss"]
[EventRounds "9"]
[EventCountry "CZE"]
[SourceTitle "EXT 2016"]
[Source "ChessBase"]
[SourceDate "2015.10.08"]
[SourceVersion "1"]
[SourceVersionDate "2015.10.08"]
[SourceQuality "1"]

1. e4 e5 2. Nf3 d6 3. d4 exd4 4. Nxd4 Nf6 5. Nc3 Be6 6. Be2 Nbd7 7. 0-0 Be7 8. f4 Nb6 9. b3 c6 10. f5 Bd7 11. a4 a5 12. Bf4 h6 13. Qd2 d5 14. e5 Nh7 15. e6 fxe6 16. fxe6 Nf6 17. Qd3 0-0 18. exd7 Qxd7 19. Kh1 Bc5 20. Be5 Qe7 21. Bxf6 Rxf6 22. Bf3 Qe5 23. Nce2 Raf8 24. c3 g5 25. Ng3 Bd6 26. Rae1 Qf4 27. Bxd5+ 1-0

[Event "Czech Fed-ch U14"]
[Site "Hrdonov"]
[Date "2013.11.02"]
[Round "9"]
[White "Kadlec, Daniel"]
[Black "Solc, Filip"]
[Result "1/2-1/2"]
[WhiteElo "1741"]
[BlackElo "1676"]
[PlyCount "63"]
[EventDate "2013.10.26"]
[EventType "swiss"]
[EventRounds "9"]
[EventCountry "CZE"]
[SourceTitle "EXT 2016"]
[Source "ChessBase"]
[SourceDate "2015.10.08"]
[SourceVersion "1"]
[SourceVersionDate "2015.10.08"]
[SourceQuality "1"]

1. e4 e5 2. Nf3 Nf6 3. Nxe5 d6 4. Nf3 Nxe4 5. d4 d5 6. Be3 Bd6 7. c4 c6 8. c5 Bc7 9. Be2 0-0 10. Nfd2 Bf5 11. Nxe4 Bxe4 12. Nc3 Re8 13. Nxe4 Rxe4 14. 0-0 Qh4 15. g3 Qh3 16. Bg5 Qd7 17. Bf3 Re8 18. Qd3 h6 19. Bd2 Qh3 20. Bg2 Qh5 21. Bf3 Qg6 22. Qxg6 fxg6 23. Rfe1 Nd7 24. Kf1 Nf6 25. Rxe8+ Rxe8 26. Re1 Kf8 27. Rxe8+ Kxe8 28. Ke2 Ke7 29. Kd3 g5 30. h3 Ke6 31. b4 Kd7 32. Ke2 1/2-1/2

[Event "Czech Fed-ch U14"]
[Site "Hrdonov"]
[Date "2013.10.29"]
[Round "4"]
[White "Slovak, Kilian"]
[Black "Kadlec, Daniel"]
[Result "1/2-1/2"]
[WhiteElo "1594"]
[BlackElo "1741"]
[PlyCount "100"]
[EventDate "2013.10.26"]
[EventType "swiss"]
[EventRounds "9"]
[EventCountry "CZE"]
[SourceTitle "EXT 2016"]
[Source "ChessBase"]
[SourceDate "2015.10.08"]
[SourceVersion "1"]
[SourceVersionDate "2015.10.08"]
[SourceQuality "1"]

1. d4 Nf6 2. c4 g6 3. Nc3 Bg7 4. e4 d6 5. Nf3 0-0 6. Be2 Na6 7. 0-0 e5 8. d5 Nc5 9. Qc2 a5 10. Be3 b6 11. a3 a4 12. Nd2 Bd7 13. f3 Nh5 14. b4 axb3 15. Nxb3 Nxb3 16. Qxb3 Nf4 17. Qd1 Qg5 18. Bxf4 exf4 19. Qd2 h5 20. Rfc1 h4 21. Ra2 Be5 22. Bf1 Kg7 23. Nb5 Qf6 24. Qd1 Rfc8 25. Qb3 Bxb5 26. cxb5 Bd4+ 27. Kh1 Be3 28. Rc4 Bc5 29. Qc3 Qxc3 30. Rxc3 Ra4 31. Rc4 Rca8 32. Rc3 Bxa3 33. Rc4 Bb4 34. Rxa4 Rxa4 35. g3 fxg3 36. hxg3 hxg3 37. Kg2 Ra2+ 38. Kxg3 Bc5 39. Rc3 g5 40. f4 Rf2 41. Rf3 gxf4+ 42. Rxf4 Rb2 43. Rf3 Rb4 44. Bd3 Rb2 45. Bf1 Bd4 46. Rd3 Bf2+ 47. Kf4 Bc5 48. Rf3 Rf2 49. Rxf2 Bxf2 50. Kf5 Bd4 1/2-1/2

[Event "Czech Fed-ch U14"]
[Site "Hrdonov"]
[Date "2012.10.27"]
[Round "9"]
[White "Kadlec, Daniel"]
[Black "Helebrand, Frantisek"]
[Result "1/2-1/2"]
[WhiteElo "1724"]
[BlackElo "1402"]
[PlyCount "104"]
[EventDate "2012.10.20"]
[EventType "swiss"]
[EventRounds "9"]
[EventCountry "CZE"]
[SourceTitle "CBM 151 Extra"]
[Source "ChessBase"]
[SourceDate "2012.12.18"]
[SourceVersion "1"]
[SourceVersionDate "2012.12.18"]
[SourceQuality "1"]

1. e4 e6 2. d4 d5 3. Nd2 Nf6 4. e5 Nfd7 5. Bd3 c5 6. c3 Nc6 7. Ne2 f6 8. exf6 Nxf6 9. 0-0 Bd6 10. Nf3 0-0 11. Bf4 cxd4 12. Bxd6 Qxd6 13. cxd4 Bd7 14. Qd2 Be8 15. Ng3 Nb4 16. Bb1 Bb5 17. Re1 Rac8 18. a3 Nc6 19. Qe3 Rfe8 20. Qg5 h6 21. Qh4 Nh5 22. Bg6 Rf8 23. Ne5 Nf4 24. Nh5 Nxh5 25. Qxh5 Nxe5 26. Rxe5 Be8 27. Rae1 Bxg6 28. Qxg6 Rf6 29. Qg4 Re8 30. R1e2 Qc6 31. g3 Kh7 32. f4 a5 33. Qf3 Rd8 34. Qd3+ Kg8 35. Rc2 Qb6 36. Kg2 Rdf8 37. Qc3 Kh7 38. b4 Qb5 39. Qe3 Qb6 40. Re2 Rd8 41. Qd3+ Kg8 42. Rc2 Rdf8 43. Qc3 Kh7 44. Rce2 Rd8 45. Qc5 Qd6 46. Rc2 Rd7 47. Qxd6 Rxd6 48. Rc7 Rb6 49. Re7 Kg6 50. f5+ Rxf5 51. R7xe6+ Rxe6 52. Rxe6+ Rf6 1/2-1/2

[Event "EU-ch U12"]
[Site "Prague"]
[Date "2012.08.21"]
[Round "5"]
[White "Horvath, Tomas"]
[Black "Kadlec, Daniel"]
[Result "0-1"]
[WhiteElo "1489"]
[BlackElo "1651"]
[PlyCount "94"]
[EventDate "2012.08.17"]
[EventType "swiss"]
[EventRounds "9"]
[EventCountry "CZE"]
[SourceTitle "CBM 150 Extra"]
[Source "ChessBase"]
[SourceDate "2012.10.19"]
[SourceVersion "1"]
[SourceVersionDate "2012.10.19"]
[SourceQuality "1"]

1. e4 c5 2. Nf3 e6 3. d4 cxd4 4. Nxd4 Nc6 5. Be3 Nf6 6. Nc3 Bb4 7. Nxc6 bxc6 8. f3 Qa5 9. Bd2 Qb6 10. a3 Bc5 11. Bd3 Be3 12. Bxe3 Qxe3+ 13. Qe2 Qxe2+ 14. Bxe2 d5 15. exd5 cxd5 16. Nb5 0-0 17. 0-0 Bb7 18. Rac1 e5 19. Rfd1 a6 20. Nd6 Bc6 21. Nf5 Rfe8 22. c3 g6 23. Ng3 Nd7 24. b4 Nb6 25. Rb1 Bb5 26. Kf2 f5 27. Nf1 f4 28. Nd2 Rac8 29. Rdc1 e4 30. fxe4 dxe4 31. Nb3 e3+ 32. Kf1 Nc4 33. Bxc4+ Bxc4+ 34. Ke1 Bd5 35. Rb2 Bxb3 36. Rxb3 Red8 37. Rb2 Rd3 38. c4 Rxa3 39. Ke2 g5 40. b5 axb5 41. Rxb5 Ra2+ 42. Kf1 h6 43. h3 Rf2+ 44. Kg1 Rd8 45. Rf1 Rc2 46. Rd5 Rxd5 47. cxd5 Rd2 0-1

[Event "EU-ch U12"]
[Site "Prague"]
[Date "2012.08.17"]
[Round "1"]
[White "Trubchaninov, Timur"]
[Black "Kadlec, Daniel"]
[Result "1-0"]
[WhiteElo "1937"]
[BlackElo "1651"]
[PlyCount "77"]
[EventDate "2012.08.17"]
[EventType "swiss"]
[EventRounds "9"]
[EventCountry "CZE"]
[SourceTitle "CBM 150 Extra"]
[Source "ChessBase"]
[SourceDate "2012.10.19"]
[SourceVersion "1"]
[SourceVersionDate "2012.10.19"]
[SourceQuality "1"]

1. e4 c5 2. Nf3 e6 3. c3 Nc6 4. d4 cxd4 5. cxd4 Bb4+ 6. Bd2 Bxd2+ 7. Qxd2 d5 8. e5 Nge7 9. Bd3 Qb6 10. Nc3 Bd7 11. Na4 Qb4 12. Nc5 Qxd2+ 13. Kxd2 b6 14. Nb7 0-0 15. Rac1 Rab8 16. Nd6 h6 17. Rc3 a6 18. Rhc1 b5 19. Ke3 Rb6 20. Nd2 Nc8 21. Nxc8 Rxc8 22. Nb3 Ra8 23. Nc5 Be8 24. f4 Ne7 25. g4 g6 26. R3c2 Kg7 27. h4 f5 28. Rg2 Kh7 29. Rcg1 fxg4 30. Rxg4 Nf5+ 31. Bxf5 exf5 32. R4g2 Ra7 33. Rc1 Rc6 34. Rgc2 Rac7 35. Kd2 a5 36. a3 a4 37. Kc3 Kg7 38. Rg2 h5 39. Re2 1-0

[Event "CZE-ch U12"]
[Site "Kouty nad Desnou"]
[Date "2012.03.17"]
[Round "9"]
[White "Hurdzan, Tomas"]
[Black "Kadlec, Daniel"]
[Result "1-0"]
[WhiteElo "1883"]
[BlackElo "1409"]
[PlyCount "127"]
[EventDate "2012.03.10"]
[EventType "swiss"]
[EventRounds "9"]
[EventCountry "CZE"]
[SourceTitle "EXT 2013"]
[Source "ChessBase"]
[SourceDate "2012.11.22"]
[SourceVersion "1"]
[SourceVersionDate "2012.11.22"]
[SourceQuality "1"]

1. e4 c6 2. Nc3 d5 3. Nf3 dxe4 4. Nxe4 Bf5 5. Ng3 Bg6 6. h4 h6 7. Ne5 Bh7 8. Qh5 g6 9. Qf3 Nf6 10. Qb3 Qd5 11. Qxb7 Qxe5+ 12. Be2 Qd6 13. Qxa8 Qc7 14. Ba6 Nfd7 15. Qb7 Qxb7 16. Bxb7 Kd8 17. d3 Kc7 18. Ba8 Nb6 19. Bf4+ Kc8 20. Bxb8 Kxb8 21. Bxc6 Bg7 22. 0-0-0 Rc8 23. Bf3 Bg8 24. Rhe1 Rc7 25. Re4 f5 26. Rb4 Bf8 27. a3 e5 28. Rb5 Bd6 29. Ne2 Be6 30. Nc3 Bd7 31. Rb3 Be6 32. Bd5 Bd7 33. Nb5 Bxb5 34. Rxb5 Bc5 35. f3 a6 36. Rb3 Ka7 37. Be6 Re7 38. Bc4 Rd7 39. Re1 Re7 40. h5 g5 41. Kd1 Nc8 42. Rc3 Bd4 43. Kd2 Bxc3+ 44. Kxc3 Nd6 45. b4 Kb6 46. Kb2 f4 47. Bd5 Nf5 48. Be4 Ne3 49. Re2 Rc7 50. c4 Rd7 51. Kb3 Rg7 52. Ra2 g4 53. Bg6 g3 54. c5+ Kc6 55. Re2 Re7 56. Kc3 Rd7 57. Be8 Kc7 58. Bxd7 Kxd7 59. a4 Kc6 60. Rxe3 fxe3 61. Kc2 Kd5 62. Kd1 a5 63. bxa5 Kxc5 64. Ke2 1-0

[Event "CZE-ch U12"]
[Site "Kouty nad Desnou"]
[Date "2012.03.14"]
[Round "6"]
[White "Pulpan, Matej"]
[Black "Kadlec, Daniel"]
[Result "1/2-1/2"]
[WhiteElo "1766"]
[BlackElo "1409"]
[PlyCount "67"]
[EventDate "2012.03.10"]
[EventType "swiss"]
[EventRounds "9"]
[EventCountry "CZE"]
[SourceTitle "EXT 2013"]
[Source "ChessBase"]
[SourceDate "2012.11.22"]
[SourceVersion "1"]
[SourceVersionDate "2012.11.22"]
[SourceQuality "1"]

1. e4 c5 2. Nf3 e6 3. d4 cxd4 4. Nxd4 Nf6 5. Nc3 Nc6 6. Be3 Bb4 7. f3 0-0 8. Be2 d5 9. Nxc6 bxc6 10. exd5 cxd5 11. 0-0 e5 12. Bg5 Bxc3 13. bxc3 Be6 14. Kh1 h6 15. Bh4 Qe7 16. Bg3 Nd7 17. f4 f6 18. fxe5 fxe5 19. Rxf8+ Rxf8 20. Bg4 Qf6 21. Bxe6+ Qxe6 22. Qd2 Nf6 23. Re1 Ne4 24. Qe3 Qf5 25. h3 Rc8 26. Bh2 Rxc3 27. Qxa7 Kh7 28. Qa5 Rc5 29. Qa8 Qf2 30. Rxe4 dxe4 31. Qxe4+ Kg8 32. Bg1 Qf1 33. Qa8+ Kh7 34. Qe4+ 1/2-1/2

[Event "CZE-ch U12"]
[Site "Kouty nad Desnou"]
[Date "2012.03.12"]
[Round "3"]
[White "Kadlec, Daniel"]
[Black "Pilch, David"]
[Result "0-1"]
[WhiteElo "1409"]
[BlackElo "1615"]
[PlyCount "76"]
[EventDate "2012.03.10"]
[EventType "swiss"]
[EventRounds "9"]
[EventCountry "CZE"]
[SourceTitle "EXT 2013"]
[Source "ChessBase"]
[SourceDate "2012.11.22"]
[SourceVersion "1"]
[SourceVersionDate "2012.11.22"]
[SourceQuality "1"]

1. e4 d5 2. exd5 Nf6 3. d4 Nxd5 4. Nf3 Bg4 5. h3 Bxf3 6. Qxf3 e6 7. Bd3 Qf6 8. Qxf6 Nxf6 9. 0-0 Bd6 10. Be3 0-0 11. Nd2 c6 12. Rfe1 Nbd7 13. Nc4 Bc7 14. f4 Nd5 15. Ne5 Nxe5 16. fxe5 Nxe3 17. Rxe3 Bb6 18. Rd1 Rad8 19. c3 c5 20. Re4 cxd4 21. cxd4 Rxd4 22. Kf1 Rfd8 23. Ke2 Rxe4+ 24. Bxe4 Rxd1 25. Kxd1 Bd4 26. Bxb7 Bxb2 27. Kd2 Bxe5 28. Kd3 g6 29. Ke4 Bh2 30. Bc8 Kg7 31. g4 Kf6 32. a4 Kg5 33. Bd7 Kh4 34. Be8 f5+ 35. gxf5 exf5+ 36. Kf3 Kxh3 37. Bf7 g5 38. Bg8 g4+ 0-1

[Event "CZE-ch U12"]
[Site "Kouty nad Desnou"]
[Date "2012.03.11"]
[Round "2"]
[White "Vykouk, Jan"]
[Black "Kadlec, Daniel"]
[Result "1-0"]
[WhiteElo "1845"]
[BlackElo "1409"]
[PlyCount "115"]
[EventDate "2012.03.10"]
[EventType "swiss"]
[EventRounds "9"]
[EventCountry "CZE"]
[SourceTitle "EXT 2013"]
[Source "ChessBase"]
[SourceDate "2012.11.22"]
[SourceVersion "1"]
[SourceVersionDate "2012.11.22"]
[SourceQuality "1"]

1. e4 c5 2. Nf3 e6 3. d4 cxd4 4. Nxd4 Nc6 5. Nxc6 bxc6 6. Bd3 Be7 7. 0-0 Nf6 8. Nc3 d5 9. Bf4 Bb7 10. exd5 exd5 11. Ne2 0-0 12. c4 c5 13. Qb3 Bc6 14. cxd5 Bxd5 15. Bc4 Bxc4 16. Qxc4 Qb6 17. b3 Rfd8 18. Be5 Rac8 19. Ng3 Rc6 20. Nf5 Re6 21. Nxe7+ Rxe7 22. Bxf6 Qxf6 23. Qxc5 Rde8 24. g3 Qf3 25. Rad1 h5 26. Qd5 Qg4 27. Rd4 Qg6 28. Qa5 Qf6 29. Rf4 Qh6 30. Rd1 Qc6 31. Qd5 Qa6 32. Kg2 g6 33. b4 Qe2 34. Rd2 Qa6 35. b5 Qb6 36. a4 Qa5 37. Rf6 Kg7 38. Ra6 Qc7 39. Rc6 Qa5 40. Qd4+ Kh7 41. Rf6 Qc7 42. Qf4 Qb7+ 43. Qf3 Qc7 44. Rdd6 Kg7 45. h4 Rf8 46. Qc6 Qa5 47. Qc2 Qb4 48. Kh2 Qa5 49. Rxg6+ fxg6 50. Qxg6+ Kh8 51. Qh6+ Kg8 52. Rg6+ Kf7 53. Rg7+ Ke8 54. Qc6+ Kd8 55. Qd6+ Kc8 56. Rxe7 Qb6 57. Qxb6 axb6 58. Kg2 1-0

[Event "CZE-chTW U20 1112"]
[Site "Czech Republic"]
[Date "2011.11.26"]
[Round "5.6"]
[White "Zateckova, Karolina"]
[Black "Kadlec, Daniel"]
[Result "0-1"]
[WhiteElo "1566"]
[BlackElo "1284"]
[PlyCount "146"]
[EventDate "2011.10.15"]
[EventType "team-tourn"]
[EventRounds "7"]
[EventCountry "CZE"]
[SourceTitle "EXT 2013"]
[Source "ChessBase"]
[SourceDate "2012.11.22"]
[SourceVersion "1"]
[SourceVersionDate "2012.11.22"]
[SourceQuality "1"]
[WhiteTeam "Udlice"]
[BlackTeam "Most"]
[WhiteTeamCountry "CZE"]
[BlackTeamCountry "CZE"]

1. e4 c6 2. d4 d5 3. exd5 cxd5 4. Nc3 Nf6 5. Bg5 e6 6. Bb5+ Bd7 7. Bxd7+ Nbxd7 8. a3 Qc7 9. Qd3 a6 10. Nf3 Bd6 11. h3 Rc8 12. 0-0 0-0 13. Rfe1 Rfe8 14. Kh1 b5 15. Re2 Nh5 16. Rd2 h6 17. Be3 Nf4 18. Bxf4 Bxf4 19. Re2 Nf6 20. Kg1 Nh5 21. Qd1 Red8 22. Ne5 Bxe5 23. Rxe5 Nf4 24. Qd2 Ng6 25. Ree1 Qe7 26. Ne2 Qf6 27. Ng3 Rc4 28. c3 Nh4 29. Qe3 Qg6 30. Qf4 Qf6 31. Qxf6 gxf6 32. Nh5 f5 33. Nf4 Rc6 34. Nd3 Ng6 35. Ne5 Nxe5 36. Rxe5 h5 37. Rae1 Kg7 38. g4 hxg4 39. hxg4 fxg4 40. Rg5+ Kf6 41. Rxg4 Rcc8 42. Re3 Rg8 43. Reg3 Rxg4 44. Rxg4 a5 45. Rf4+ Ke7 46. Rf3 Rc4 47. Rd3 Kd6 48. Kf1 f6 49. f4 e5 50. fxe5+ fxe5 51. dxe5+ Kxe5 52. Ke2 Rh4 53. Re3+ Kd6 54. Kd2 Kc5 55. Kd3 b4 56. axb4+ axb4 57. cxb4+ Rxb4 58. Re2 Rb3+ 59. Kc2 Kc4 60. Rg2 Rb5 61. Rg3 d4 62. Rf3 Rg5 63. Rf2 Rg3 64. Rd2 d3+ 65. Kc1 Kd4 66. b4 Kc3 67. Rd1 Rg2 68. b5 Rc2+ 69. Kb1 Rb2+ 70. Kc1 d2+ 71. Rxd2 Rxd2 72. b6 Rb2 73. b7 Rxb7 0-1

[Event "CZE-chT U20 final-B 0910"]
[Site "Pavla Vlachovice"]
[Date "2010.04.24"]
[Round "9.6"]
[White "Slivova, Veronika"]
[Black "Kadlec, Daniel"]
[Result "1-0"]
[WhiteElo "1625"]
[BlackElo "1443"]
[PlyCount "89"]
[EventDate "2010.04.23"]
[EventType "team-tourn"]
[EventRounds "11"]
[EventCountry "CZE"]
[SourceTitle "EXT 2011"]
[Source "ChessBase"]
[SourceDate "2010.11.26"]
[SourceVersion "1"]
[SourceVersionDate "2010.11.26"]
[SourceQuality "1"]
[WhiteTeam "Havirov (U20)"]
[BlackTeam "Most (U20)"]
[WhiteTeamCountry "CZE"]
[BlackTeamCountry "CZE"]

1. e4 e5 2. Nf3 Nc6 3. Bb5 a6 4. Ba4 Nf6 5. 0-0 Bc5 6. d3 0-0 7. c3 b5 8. Bb3 Bb6 9. Re1 Re8 10. d4 d6 11. h3 Bd7 12. Bc2 h6 13. a3 Qe7 14. Qd3 Rad8 15. Nbd2 Bc8 16. Nf1 Bd7 17. Ng3 Bc8 18. a4 b4 19. d5 Nb8 20. cxb4 Bd7 21. Nh4 Qf8 22. Qf3 Kh8 23. Bxh6 gxh6 24. Qxf6+ Qg7 25. Qf3 Rg8 26. Nhf5 Bxf5 27. exf5 Qg5 28. Qe4 Rg7 29. Ra3 Qf6 30. a5 Ba7 31. Rc3 Qe7 32. f6 Qxf6 33. Rf3 Qg5 34. Rf5 Qe7 35. Rh5 Qf6 36. Rf5 Qe7 37. Rf4 Qg5 38. Rg4 Qf6 39. Rxg7 Qxf2+ 40. Kh1 Kxg7 41. Qh7+ Kf6 42. Qxh6+ Ke7 43. Qg5+ Qf6 44. Nf5+ Kf8 45. Qxf6 1-0

[Event "CZE-chTW U20 0910"]
[Site "Czech Republic"]
[Date "2009.10.04"]
[Round "3.6"]
[White "Kadlec, Daniel"]
[Black "Pajersky, Michal"]
[Result "0-1"]
[WhiteElo "1443"]
[BlackElo "1677"]
[PlyCount "118"]
[EventDate "2009.10.03"]
[EventType "team-tourn"]
[EventRounds "7"]
[EventCountry "CZE"]
[SourceTitle "EXT 2011"]
[Source "ChessBase"]
[SourceDate "2010.11.26"]
[SourceVersion "1"]
[SourceVersionDate "2010.11.26"]
[SourceQuality "1"]
[WhiteTeam "Most (U20)"]
[BlackTeam "Liberec (U20)"]
[WhiteTeamCountry "CZE"]
[BlackTeamCountry "CZE"]

1. e4 e5 2. Nf3 Nf6 3. Nc3 d6 4. Bc4 Bg4 5. d3 Be7 6. Be3 0-0 7. 0-0 Nc6 8. Re1 Re8 9. Rc1 a6 10. a4 Bf8 11. Nd5 Nxd5 12. Bxd5 Qd7 13. h3 Be6 14. c4 Bxd5 15. cxd5 Ne7 16. d4 Ng6 17. dxe5 Nxe5 18. Nxe5 Rxe5 19. Bf4 Re7 20. Re3 Rae8 21. Qd4 h6 22. Rce1 g5 23. Bg3 Bg7 24. Qb4 b6 25. b3 Be5 26. Qc4 Bxg3 27. Rxg3 f5 28. f3 Re5 29. h4 a5 30. hxg5 f4 31. Rg4 hxg5 32. Qc1 Kf8 33. Rxg5 Rxg5 34. Qxf4+ Rf5 35. exf5 Rxe1+ 36. Kf2 Re5 37. f6 Qh7 38. g4 Qh4+ 39. Qg3 Re2+ 40. Kxe2 Qxg3 41. Ke3 Qe5+ 42. Kf2 Qxf6 43. Kg3 Qe5+ 44. f4 Qxd5 45. Kh4 Kg7 46. f5 Kf6 47. Kg3 Qxb3+ 48. Kf4 Qxa4+ 49. Kg3 Qd7 50. Kf4 Qxf5+ 51. gxf5 a4 52. Ke4 a3 53. Kd5 a2 54. Kc6 a1Q 55. Kb7 Kxf5 56. Kc6 Ke5 57. Kb7 d5 58. Kc6 Qa7 59. Kd7 c5+ 0-1

[Event "CZE-chTW U20 0910"]
[Site "Czech Republic"]
[Date "2009.10.04"]
[Round "4.6"]
[White "Sabolova, Kristyna"]
[Black "Kadlec, Daniel"]
[Result "1-0"]
[WhiteElo "1765"]
[BlackElo "1443"]
[PlyCount "81"]
[EventDate "2009.10.03"]
[EventType "team-tourn"]
[EventRounds "7"]
[EventCountry "CZE"]
[SourceTitle "EXT 2011"]
[Source "ChessBase"]
[SourceDate "2010.11.26"]
[SourceVersion "1"]
[SourceVersionDate "2010.11.26"]
[SourceQuality "1"]
[WhiteTeam "Horice (U20)"]
[BlackTeam "Most (U20)"]
[WhiteTeamCountry "CZE"]
[BlackTeamCountry "CZE"]

1. d4 Nf6 2. Nf3 g6 3. c4 Bg7 4. Nc3 0-0 5. e3 d6 6. Bd3 b6 7. 0-0 Bb7 8. e4 Nc6 9. d5 Ne5 10. Nxe5 dxe5 11. f4 Nd7 12. Qc2 Nc5 13. b4 Nxd3 14. Qxd3 Qd6 15. a3 a6 16. Be3 c5 17. Rab1 cxb4 18. axb4 Qf6 19. Ne2 Rad8 20. fxe5 Qxe5 21. Bxb6 Rc8 22. c5 e6 23. c6 Ba8 24. Bd4 Qd6 25. Bxg7 Kxg7 26. Rfd1 exd5 27. exd5 Rfd8 28. Qxa6 Re8 29. Qd3 Red8 30. Qd4+ Kg8 31. b5 Re8 32. Ng3 Red8 33. Ne4 Qc7 34. d6 Qa5 35. d7 Rc7 36. Nf6+ Kf8 37. Qd6+ Kg7 38. Ne8+ Kg8 39. Qxc7 Qxc7 40. Nxc7 Bxc6 41. bxc6 1-0

[Event "CZE-ch U10"]
[Site "Kouty nad Desnou"]
[Date "2009.03.14"]
[Round "9"]
[White "Wagner, Vojtech"]
[Black "Kadlec, Daniel"]
[Result "1-0"]
[WhiteElo "1250"]
[BlackElo "1250"]
[PlyCount "67"]
[EventDate "2009.03.07"]
[EventType "swiss"]
[EventRounds "9"]
[EventCountry "CZE"]
[SourceTitle "EXT 2011"]
[Source "ChessBase"]
[SourceDate "2010.11.26"]
[SourceVersion "1"]
[SourceVersionDate "2010.11.26"]
[SourceQuality "1"]

1. e4 c6 2. d4 d5 3. exd5 cxd5 4. c4 Nf6 5. Nc3 e6 6. Nf3 Bb4 7. Bg5 0-0 8. Bd3 dxc4 9. Bxc4 Re8 10. 0-0 Bxc3 11. bxc3 Nc6 12. Qc2 Bd7 13. Rad1 Rc8 14. Qd3 Na5 15. Bb3 Nxb3 16. axb3 Bc6 17. Qe3 Nd5 18. Qd2 f6 19. Bh4 Ne7 20. Qf4 Nf5 21. d5 Nxh4 22. dxc6 Nxf3+ 23. Qxf3 Qb6 24. cxb7 Rb8 25. Rd7 Rbd8 26. Rfd1 Rxd7 27. Rxd7 Qxb3 28. h3 Qb6 29. Qg3 g5 30. Qc7 Qb1+ 31. Kh2 Kh8 32. Rd8 Rxd8 33. Qxd8+ Kg7 34. b8Q 1-0

[Event "CZE-ch U10"]
[Site "Kouty nad Desnou"]
[Date "2009.03.08"]
[Round "2"]
[White "Kadlec, Daniel"]
[Black "Zeman, Radek"]
[Result "1/2-1/2"]
[WhiteElo "1250"]
[BlackElo "1250"]
[PlyCount "59"]
[EventDate "2009.03.07"]
[EventType "swiss"]
[EventRounds "9"]
[EventCountry "CZE"]
[SourceTitle "EXT 2011"]
[Source "ChessBase"]
[SourceDate "2010.11.26"]
[SourceVersion "1"]
[SourceVersionDate "2010.11.26"]
[SourceQuality "1"]

1. e4 e5 2. Nf3 Nc6 3. Bc4 Nf6 4. d3 d5 5. exd5 Nxd5 6. Bxd5 Qxd5 7. Nc3 Bb4 8. Bd2 Bxc3 9. Bxc3 Bg4 10. Qe2 0-0-0 11. Qe4 Bxf3 12. Qxf3 Nd4 13. Bxd4 exd4 14. Qxd5 Rxd5 15. 0-0-0 Re8 16. Rde1 Rxe1+ 17. Rxe1 Kd7 18. Kd2 Rb5 19. b3 Rb6 20. Re5 g6 21. Rd5+ Rd6 22. Ra5 a6 23. h3 b5 24. a4 b4 25. Rc5 Rc6 26. Rxc6 Kxc6 27. Ke2 Kd6 28. Kf3 Ke6 29. g4 h5 30. gxh5 1/2-1/2

[Event "CZE-ch U10"]
[Site "Kouty nad Desnou"]
[Date "2009.03.07"]
[Round "1"]
[White "Jagos, Marek"]
[Black "Kadlec, Daniel"]
[Result "0-1"]
[WhiteElo "1000"]
[BlackElo "1250"]
[PlyCount "52"]
[EventDate "2009.03.07"]
[EventType "swiss"]
[EventRounds "9"]
[EventCountry "CZE"]
[SourceTitle "EXT 2011"]
[Source "ChessBase"]
[SourceDate "2010.11.26"]
[SourceVersion "1"]
[SourceVersionDate "2010.11.26"]
[SourceQuality "1"]

1. e4 e5 2. Nf3 Nc6 3. Bc4 Bc5 4. d3 Nf6 5. Bg5 0-0 6. Nc3 Bb4 7. Qd2 d6 8. 0-0 Be6 9. Bb3 Nd4 10. Nxd4 exd4 11. Bxe6 fxe6 12. a3 dxc3 13. bxc3 Ba5 14. d4 Nxe4 15. Qe3 Nxg5 16. Qg3 Qf6 17. Rfe1 c5 18. dxc5 Bxc3 19. Rab1 Bxe1 20. Rxe1 Ne4 21. Qe3 Qxf2+ 22. Qxf2 Nxf2 23. cxd6 Rf6 24. Re2 Rd8 25. Rxf2 Rxf2 26. Kxf2 Rxd6 0-1